[Event "Puspokladany Arnoth Memorial 15th"]
[Site "Puspokladany"]
[Date "2022.07.30"]
[Round "7"]
[White "Keseru, Tibor"]
[Black "Sagi, Bence"]
[Result "1/2-1/2"]
[WhiteElo "1833"]
[BlackElo "2063"]
[PlyCount "131"]
[EventDate "2022.07.27"]
[EventType "swiss"]
[EventRounds "9"]
[EventCountry "HUN"]
[SourceTitle "EXT 2023"]
[Source "ChessBase"]
[SourceDate "2022.10.05"]
[SourceVersion "1"]
[SourceVersionDate "2022.10.05"]
[SourceQuality "1"]

1. e4 c5 2. Nc3 e6 3. g3 a6 4. a4 b6 5. d3 Bb7 6. Bg2 Nc6 7. f4 Nge7 8. Nf3 d5 9. 0-0 g6 10. h3 Bg7 11. Nh4 dxe4 12. dxe4 Qxd1 13. Nxd1 Nb4 14. c3 Nd3 15. Ne3 b5 16. axb5 axb5 17. Rxa8+ Bxa8 18. Rd1 c4 19. Nc2 0-0 20. Ne1 Nc5 21. e5 Nd5 22. Nhf3 Rb8 23. Nd4 Bf8 24. Bxd5 Bxd5 25. Ndc2 Nb3 26. Nd4 Nxd4 27. cxd4 Ra8 28. Be3 Ra2 29. Bc1 Be4 30. Kf2 Bd5 31. Ke3 b4 32. Nf3 c3 33. bxc3 Bxf3 34. Kxf3 b3 35. Ke3 b2 36. Bxb2 Rxb2 37. Rc1 Rb3 38. Rc2 Kg7 39. Ke4 Be7 40. d5 exd5+ 41. Kxd5 Rb5+ 42. Kc4 Rc5+ 43. Kd4 Rc8 44. c4 Rd8+ 45. Kc3 Bc5 46. Ra2 Bd4+ 47. Kc2 Bf2 48. Ra3 h5 49. Rf3 Bc5 50. Rb3 Ra8 51. Rb5 Bf2 52. Rb3 Ra2+ 53. Kd1 h4 54. gxh4 Bg1 55. Rb7 Ra7 56. Rxa7 Bxa7 57. Ke2 Bc5 58. Kf3 Kh6 59. Kg4 Be7 60. f5 Bc5 61. fxg6 Kxg6 62. h5+ Kg7 63. Kf5 Be7 64. e6 f6 65. h4 Kh6 66. c5 1/2-1/2

[Event "Puspokladany Arnoth Memorial 15th"]
[Site "Puspokladany"]
[Date "2022.07.30"]
[Round "6"]
[White "Sagi, Bence"]
[Black "Csontos, Aron"]
[Result "0-1"]
[WhiteElo "2063"]
[BlackElo "1889"]
[PlyCount "86"]
[EventDate "2022.07.27"]
[EventType "swiss"]
[EventRounds "9"]
[EventCountry "HUN"]
[SourceTitle "EXT 2023"]
[Source "ChessBase"]
[SourceDate "2022.10.05"]
[SourceVersion "1"]
[SourceVersionDate "2022.10.05"]
[SourceQuality "1"]

1. d4 d5 2. Bf4 Nf6 3. e3 c5 4. c3 Nc6 5. Nd2 Bf5 6. Ngf3 h6 7. dxc5 a5 8. Nd4 Bd7 9. N2f3 e6 10. Nb5 Rc8 11. Nd6+ Bxd6 12. cxd6 Qb6 13. Qb3 Qc5 14. Ne5 Nxe5 15. Bxe5 b5 16. Qd1 0-0 17. Bd3 Ne8 18. Qg4 f6 19. Bf4 f5 20. Qg3 Kh7 21. h4 Nf6 22. h5 Be8 23. d7 Nxd7 24. Bd6 Qb6 25. Bxf8 Nxf8 26. Qe5 Nd7 27. Qd4 Nc5 28. g4 Qd6 29. Bc2 Ne4 30. f4 Rc4 31. Qa7 b4 32. Bxe4 Rxe4 33. Kf2 bxc3 34. bxc3 Qa3 35. g5 hxg5 36. h6 Rxf4+ 37. exf4 Qb2+ 38. Kf3 g4+ 39. Kg3 Qxc3+ 40. Kg2 Qf3+ 41. Kh2 Qh3+ 42. Kg1 Qg3+ 43. Kf1 Bb5# 0-1

[Event "Puspokladany Arnoth Memorial 15th"]
[Site "Puspokladany"]
[Date "2022.07.28"]
[Round "2"]
[White "Sagi, Bence"]
[Black "Szabo, Balazs2222"]
[Result "1/2-1/2"]
[WhiteElo "2063"]
[BlackElo "1707"]
[PlyCount "81"]
[EventDate "2022.07.27"]
[EventType "swiss"]
[EventRounds "9"]
[EventCountry "HUN"]
[SourceTitle "EXT 2023"]
[Source "ChessBase"]
[SourceDate "2022.10.05"]
[SourceVersion "1"]
[SourceVersionDate "2022.10.05"]
[SourceQuality "1"]

1. d4 d5 2. Bf4 Nf6 3. e3 Bf5 4. c4 e6 5. Qb3 Qc8 6. Nc3 c6 7. cxd5 Nxd5 8. Nxd5 exd5 9. Nf3 Nd7 10. Be2 Be7 11. 0-0 0-0 12. Rac1 Nf6 13. Ne5 a5 14. a4 Ne4 15. Rfd1 f6 16. Nd3 Bd6 17. f3 Bxf4 18. Nxf4 Ng5 19. e4 Be6 20. exd5 Bf7 21. Bc4 Qf5 22. g3 cxd5 23. Bxd5 Nh3+ 24. Kf1 Nxf4 25. Bxf7+ Rxf7 26. gxf4 Qxf4 27. Rc2 Raf8 28. d5 Rd7 29. Kg2 Qg5+ 30. Kf2 Qh4+ 31. Kg1 Re8 32. d6+ Kh8 33. Kf1 Qf4 34. Qd5 Qe3 35. Qd3 Qf4 36. Qd5 Qe3 37. Qd3 Qf4 38. Kg2 Qg5+ 39. Kf2 Qh4+ 40. Kg2 Qg5+ 41. Kh1 1/2-1/2

[Event "Szolnok op"]
[Site "Szolnok"]
[Date "2022.06.18"]
[Round "6"]
[White "Sagi, Bence"]
[Black "Bota, Andras"]
[Result "1-0"]
[WhiteElo "2074"]
[BlackElo "1792"]
[PlyCount "65"]
[EventDate "2022.06.16"]
[EventType "swiss"]
[EventRounds "7"]
[EventCountry "HUN"]
[SourceTitle "CBM 209 Extra"]
[Source "ChessBase"]
[SourceDate "2022.09.30"]
[SourceVersion "1"]
[SourceVersionDate "2022.09.30"]
[SourceQuality "1"]

1. d4 d5 2. Nf3 e6 3. Bf4 f5 4. e3 Nf6 5. Nbd2 Be7 6. Ne5 0-0 7. Bd3 c5 8. c3 a6 9. a4 Nc6 10. Qe2 c4 11. Bc2 Bd7 12. b4 b5 13. Nxc6 Bxc6 14. a5 Ne4 15. Nxe4 fxe4 16. 0-0-0 Bd6 17. Qg4 Qe7 18. Bxd6 Qxd6 19. f4 exf3 20. Qh5 h6 21. gxf3 Be8 22. Qg4 e5 23. Rhg1 Ra7 24. Qg3 Re7 25. e4 Bh5 26. dxe5 Qxe5 27. Qxe5 Rxe5 28. Rxd5 Rxd5 29. exd5 Bxf3 30. Rg6 Ra8 31. Rd6 Ra7 32. Bf5 Rc7 33. Be6+ 1-0

[Event "Szolnok op"]
[Site "Szolnok"]
[Date "2022.06.17"]
[Round "4"]
[White "Sagi, Bence"]
[Black "Szaloki, Arpad"]
[Result "1/2-1/2"]
[WhiteElo "2074"]
[BlackElo "1906"]
[PlyCount "40"]
[EventDate "2022.06.16"]
[EventType "swiss"]
[EventRounds "7"]
[EventCountry "HUN"]
[SourceTitle "CBM 209 Extra"]
[Source "ChessBase"]
[SourceDate "2022.09.30"]
[SourceVersion "1"]
[SourceVersionDate "2022.09.30"]
[SourceQuality "1"]

1. d4 d5 2. Bf4 Nf6 3. e3 c5 4. Nf3 Nc6 5. c3 cxd4 6. exd4 Bg4 7. Be2 e6 8. Ne5 Bxe2 9. Qxe2 Nxe5 10. dxe5 Nd7 11. Nd2 Qc7 12. Nf3 Be7 13. 0-0 0-0 14. Rfc1 Rac8 15. Rc2 a6 16. a4 Qc4 17. Be3 Qxe2 18. Rxe2 Bc5 19. Bxc5 Nxc5 20. Nd4 Rfe8 1/2-1/2

[Event "HUN-chT2 Erkel 1718"]
[Site "Hungary"]
[Date "2018.03.25"]
[Round "10.5"]
[White "Sagi, Bence"]
[Black "Koszegi, Lajos"]
[Result "0-1"]
[WhiteElo "1898"]
[BlackElo "2067"]
[PlyCount "104"]
[EventDate "2017.09.24"]
[EventType "team-tourn"]
[EventRounds "11"]
[EventCountry "HUN"]
[SourceTitle "EXT 2021"]
[Source "ChessBase"]
[SourceDate "2020.10.23"]
[SourceVersion "1"]
[SourceVersionDate "2020.10.23"]
[SourceQuality "1"]
[WhiteTeam "Fot"]
[BlackTeam "Szada GSBE"]
[WhiteTeamCountry "HUN"]
[BlackTeamCountry "HUN"]

1. d4 c5 2. c3 b6 3. Nf3 Bb7 4. Bf4 Nf6 5. e3 g6 6. Be2 Bg7 7. Nbd2 0-0 8. h3 d6 9. Qc2 Nc6 10. 0-0 Rc8 11. Rfd1 Nh5 12. Bh2 cxd4 13. Nxd4 Nf6 14. Nxc6 Bxc6 15. Bf3 Qc7 16. Ne4 Nxe4 17. Bxe4 Qb7 18. Bxc6 Qxc6 19. Qe2 a5 20. e4 b5 21. e5 d5 22. Qd2 e6 23. Bf4 Rfd8 24. Bg5 Rd7 25. Qf4 Qc4 26. Qe3 b4 27. Rd4 Qc7 28. cxb4 Qxe5 29. Rc1 Rdc7 30. Rxc7 Rxc7 31. Qxe5 Bxe5 32. Bf4 Bxd4 33. Bxc7 axb4 34. Bd6 Bxb2 35. Bxb4 Bd4 36. Kf1 f5 37. Ke2 Kf7 38. f3 Ke8 39. Kd3 Ba7 40. g4 e5 41. gxf5 gxf5 42. a4 Kd7 43. a5 Kc6 44. Ke2 Kb5 45. Be1 e4 46. fxe4 fxe4 47. Kd1 d4 48. Ke2 d3+ 49. Kd1 Bc5 50. Bd2 Bf2 51. h4 e3 52. h5 e2+ 0-1

[Event "HUN-chT2 Erkel 1718"]
[Site "Hungary"]
[Date "2018.03.04"]
[Round "9.5"]
[White "Farkas, Istvan"]
[Black "Sagi, Bence"]
[Result "1-0"]
[WhiteElo "2000"]
[BlackElo "1898"]
[PlyCount "99"]
[EventDate "2017.09.24"]
[EventType "team-tourn"]
[EventRounds "11"]
[EventCountry "HUN"]
[SourceTitle "EXT 2021"]
[Source "ChessBase"]
[SourceDate "2020.10.23"]
[SourceVersion "1"]
[SourceVersionDate "2020.10.23"]
[SourceQuality "1"]
[WhiteTeam "Jaszbereny"]
[BlackTeam "Fot"]
[WhiteTeamCountry "HUN"]
[BlackTeamCountry "HUN"]

1. e4 e6 2. e5 d5 3. exd6 cxd6 4. d4 Nf6 5. Nf3 Be7 6. Bd3 b6 7. 0-0 0-0 8. Bg5 Bb7 9. Nbd2 Nbd7 10. Re1 h6 11. Bh4 Rc8 12. c3 Nh5 13. Bg3 Nxg3 14. hxg3 Qc7 15. Qe2 Nf6 16. Ne4 Nxe4 17. Bxe4 Bxe4 18. Qxe4 d5 19. Qe5 Bf6 20. Qh5 a5 21. Re3 b5 22. g4 Qe7 23. Rae1 Bg5 24. Re5 g6 25. Qh2 Qf6 26. Nxg5 hxg5 27. Qh6 Qg7 28. Qh3 Qf6 29. Qe3 Qf4 30. Qe2 Rb8 31. g3 Qf6 32. Qe3 b4 33. Rxg5 bxc3 34. bxc3 Rb2 35. Re5 Rxa2 36. g5 Qg7 37. Kg2 Rb8 38. Qf4 Rbb2 39. Rf1 a4 40. Re3 a3 41. Rf3 Re2 42. Rh1 e5 43. Qg4 Kf8 44. Qc8+ Ke7 45. Rh8 Qxh8 46. Qxh8 Rab2 47. Qf6+ Kd7 48. Qxf7+ Kc6 49. Rf6+ Kb5 50. Qxd5+ 1-0

[Event "HUN-chT2 Erkel 1718"]
[Site "Hungary"]
[Date "2017.09.24"]
[Round "1.7"]
[White "Sagi, Bence"]
[Black "Foldi, Martin"]
[Result "1-0"]
[WhiteElo "1898"]
[BlackElo "1968"]
[PlyCount "81"]
[EventDate "2017.09.24"]
[EventType "team-tourn"]
[EventRounds "11"]
[EventCountry "HUN"]
[SourceTitle "EXT 2021"]
[Source "ChessBase"]
[SourceDate "2020.10.23"]
[SourceVersion "1"]
[SourceVersionDate "2020.10.23"]
[SourceQuality "1"]
[WhiteTeam "Fot"]
[BlackTeam "Gyongyos Energia"]
[WhiteTeamCountry "HUN"]
[BlackTeamCountry "HUN"]

1. d4 d5 2. Bf4 Bf5 3. Nf3 e6 4. e3 Bd6 5. Bg3 Nf6 6. Bd3 Bxd3 7. Qxd3 0-0 8. Nbd2 c5 9. c3 a6 10. e4 c4 11. Qc2 dxe4 12. Nxe4 Nxe4 13. Qxe4 Nc6 14. Bh4 Be7 15. Bxe7 Nxe7 16. Qxb7 Rb8 17. Qxa6 Qd5 18. 0-0 Ra8 19. Qb6 Rfb8 20. Qc7 Rb7 21. Qc5 Qxc5 22. dxc5 Rxb2 23. h3 f6 24. a4 Ra5 25. Nd4 Nd5 26. Nb5 Rc2 27. Ra3 Ra6 28. Rb1 Kf7 29. c6 Ke7 30. a5 Rd2 31. Nd4 e5 32. Rb7+ Kd8 33. Ne6+ Kc8 34. Rxg7 Rxc6 35. a6 Rxe6 36. a7 Rd1+ 37. Kh2 Nb6 38. Ra6 Rd7 39. Rg8+ Kb7 40. Rxb6+ Kxb6 41. a8Q 1-0

[Event "HUN-chT2 Erkel 1617"]
[Site "Hungary"]
[Date "2017.04.09"]
[Round "11.12"]
[White "Kovacs, Veronika"]
[Black "Sagi, Bence"]
[Result "0-1"]
[WhiteElo "1153"]
[BlackElo "1713"]
[PlyCount "62"]
[EventDate "2016.09.25"]
[EventType "team-tourn"]
[EventRounds "11"]
[EventCountry "HUN"]
[SourceTitle "EXT 2021"]
[Source "ChessBase"]
[SourceDate "2020.10.23"]
[SourceVersion "1"]
[SourceVersionDate "2020.10.23"]
[SourceQuality "1"]
[WhiteTeam "Salgotarjan"]
[BlackTeam "Fot"]
[WhiteTeamCountry "HUN"]
[BlackTeamCountry "HUN"]

1. e4 e6 2. Nf3 c5 3. Nc3 a6 4. Bc4 b5 5. Bf1 Bb7 6. d3 Nc6 7. Bf4 g6 8. g3 Bg7 9. Bg2 Nge7 10. 0-0 0-0 11. Ne2 Bxb2 12. Rb1 Bg7 13. Rc1 d5 14. exd5 Nxd5 15. Be3 Qe7 16. d4 Nxe3 17. fxe3 Bh6 18. Rb1 Bxe3+ 19. Kh1 Rfd8 20. c3 cxd4 21. Qc2 d3 22. Qd1 dxe2 23. Qxe2 Bh6 24. Qe1 Na5 25. Kg1 Nc4 26. Ra1 Ne3 27. Rf2 Qc5 28. Bh3 Bxf3 29. Qc1 Rd1+ 30. Qxd1 Nxd1 31. Rb1 Qxf2# 0-1

[Event "Budapest Karacsonyi op 8th"]
[Site "Budapest"]
[Date "2016.12.30"]
[Round "6"]
[White "Torok, Tamas Titusz"]
[Black "Sagi, Bence"]
[Result "1-0"]
[WhiteElo "2125"]
[BlackElo "1725"]
[PlyCount "81"]
[EventDate "2016.12.27"]
[EventType "swiss"]
[EventRounds "7"]
[EventCountry "HUN"]
[SourceTitle "CBM 176 Extra"]
[Source "ChessBase"]
[SourceDate "2017.03.02"]
[SourceVersion "1"]
[SourceVersionDate "2017.03.02"]
[SourceQuality "1"]

1. e4 e6 2. d4 d5 3. exd5 exd5 4. Nf3 Nf6 5. h3 Bf5 6. Bd3 Bxd3 7. Qxd3 Be7 8. Qb5+ Nbd7 9. Qxb7 Qb8 10. Qb3 0-0 11. 0-0 c5 12. Qxb8 Raxb8 13. Nbd2 c4 14. c3 Rfc8 15. Re1 Bd6 16. Ne5 Nf8 17. Nf1 Ne6 18. Re2 a5 19. g3 a4 20. Ne3 g6 21. a3 h5 22. Nc2 Ne4 23. Nb4 Rb5 24. Nf3 Kg7 25. Kg2 Ra8 26. Ne1 g5 27. Nec2 Kg6 28. Nxd5 Nxg3 29. fxg3 Rxd5 30. Ne3 Nxd4 31. cxd4 Re8 32. Rf2 Rxd4 33. Nf5 Rd5 34. Nxd6 Rxd6 35. Bd2 f5 36. Raf1 Rd5 37. Bb4 Re4 38. Rd2 Rd3 39. Rxd3 cxd3 40. Re1 g4 41. h4 1-0

[Event "HUN-chT2 Erkel 1516"]
[Site "Hungary"]
[Date "2016.04.17"]
[Round "11.12"]
[White "Koltai, Daniel"]
[Black "Sagi, Bence"]
[Result "1/2-1/2"]
[WhiteElo "1832"]
[BlackElo "1682"]
[PlyCount "52"]
[EventDate "2015.09.13"]
[EventType "team-tourn"]
[EventRounds "11"]
[EventCountry "HUN"]
[SourceTitle "EXT 2017"]
[Source "ChessBase"]
[SourceDate "2016.10.25"]
[SourceVersion "1"]
[SourceVersionDate "2016.10.25"]
[SourceQuality "1"]
[WhiteTeam "Budapest MTK II"]
[BlackTeam "Foti"]
[WhiteTeamCountry "HUN"]
[BlackTeamCountry "HUN"]

1. e4 e6 2. d4 d5 3. e5 c5 4. c3 Nc6 5. Nf3 Qb6 6. Na3 cxd4 7. cxd4 a6 8. Bd3 Nge7 9. 0-0 Ng6 10. Nc2 Be7 11. Ng5 Bxg5 12. Bxg5 Bd7 13. Qg4 0-0 14. h4 Kh8 15. h5 Ngxe5 16. dxe5 Nxe5 17. Qg3 Nxd3 18. h6 Qxb2 19. Qxd3 Bb5 20. Qb3 Qxb3 21. axb3 Bxf1 22. Kxf1 gxh6 23. Bxh6 Rg8 24. Nd4 Rg4 25. Be3 Rc8 26. Nf3 h5 1/2-1/2

[Event "HUN-chT2 Erkel 1516"]
[Site "Hungary"]
[Date "2016.02.28"]
[Round "8.12"]
[White "Sagi, Bence"]
[Black "Varga, Istvan"]
[Result "1/2-1/2"]
[WhiteElo "1600"]
[BlackElo "1717"]
[PlyCount "41"]
[EventDate "2015.09.13"]
[EventType "team-tourn"]
[EventRounds "11"]
[EventCountry "HUN"]
[SourceTitle "EXT 2017"]
[Source "ChessBase"]
[SourceDate "2016.10.25"]
[SourceVersion "1"]
[SourceVersionDate "2016.10.25"]
[SourceQuality "1"]
[WhiteTeam "Foti"]
[BlackTeam "Matra"]
[WhiteTeamCountry "HUN"]
[BlackTeamCountry "HUN"]

1. d4 d5 2. Nf3 e6 3. c4 c6 4. cxd5 cxd5 5. g3 Nc6 6. Bg2 Be7 7. 0-0 Nf6 8. Nc3 0-0 9. b3 a6 10. Bb2 b5 11. Rc1 Bb7 12. e3 Qb6 13. a3 Rfc8 14. b4 a5 15. bxa5 Rxa5 16. Qb3 b4 17. axb4 Qxb4 18. Qxb4 Bxb4 19. Ra1 Rca8 20. Rxa5 Rxa5 21. Ra1 1/2-1/2

[Event "HUN-chT2 Erkel 1516"]
[Site "Hungary"]
[Date "2016.02.14"]
[Round "7.12"]
[White "Sagi, Bence"]
[Black "Simon, Milan Gabor"]
[Result "1-0"]
[WhiteElo "1600"]
[BlackElo "1499"]
[PlyCount "57"]
[EventDate "2015.09.13"]
[EventType "team-tourn"]
[EventRounds "11"]
[EventCountry "HUN"]
[SourceTitle "EXT 2017"]
[Source "ChessBase"]
[SourceDate "2016.10.25"]
[SourceVersion "1"]
[SourceVersionDate "2016.10.25"]
[SourceQuality "1"]
[WhiteTeam "Foti"]
[BlackTeam "Andornaktalya"]
[WhiteTeamCountry "HUN"]
[BlackTeamCountry "HUN"]

1. d4 d5 2. Nf3 Nf6 3. c4 e6 4. g3 Be7 5. Bg2 c6 6. 0-0 0-0 7. cxd5 exd5 8. Nc3 Bf5 9. Nh4 Be6 10. Nf3 h6 11. Qc2 Nbd7 12. b3 Re8 13. Re1 Nf8 14. Bb2 Ng6 15. Rad1 Qc7 16. Nd2 Rad8 17. e4 Rd7 18. e5 Nh7 19. f4 f5 20. exf6 Bg4 21. Qxg6 Nxf6 22. Bf3 Bxf3 23. Nxf3 Rf8 24. Re2 Rdd8 25. Rde1 Rde8 26. Ba3 Rf7 27. Ne5 Rff8 28. Ng4 Nxg4 29. Rxe7 1-0